Detekcia škodlivých programových knižníc v softvérovom repozitári

Guardado en:
Detalles Bibliográficos
Autor principal: Škultéty, Matej (Autor)
Otros Autores: Kubečka, Martin (Orientador)
Formato: Manuscrito Libro
Lenguaje:eslovaco
Publicado: Bratislava : STU v Bratislave FEI, 2025
Materias:
Acceso en línea:https://opac.crzp.sk/?fn=detailBiblioFormChildUAMILC&sid=BA75C2D62745AD5724EC919ED92F&seo=CRZP-detail-kniha
Etiquetas: Agregar Etiqueta
Sin Etiquetas, Sea el primero en etiquetar este registro!

MARC

LEADER 00000ntm a22000003a 4500
001 stuzp106078
003 SK-STU
005 20260127132345.3
007 ta
008 150427s2015----xo-----f-mn---000-0-slo-d
040 |a STU  |b slo 
041 0 |a slo 
044 |a xo 
100 1 |a Škultéty, Matej  |u 035000  |4 aut  |U FEI Fakulta elektrotechniky a informatiky  |T FEI Ústav informatiky a matematiky  |X 120485  |U E050  |Y 816  |7 120485 
242 0 1 |a Detection of Malicious Program Libraries in the Software Repository  |y eng 
245 1 0 |a Detekcia škodlivých programových knižníc v softvérovom repozitári 
260 |a Bratislava :  |b STU v Bratislave FEI,  |c 2025 
300 |a 61 s. 
650 4 |a balík  |2 slo 
650 4 |a dynamická analýza  |2 slo 
650 4 |a open-source  |2 slo 
650 4 |a Python  |2 slo 
650 4 |a škodlivý kód  |2 slo 
650 4 |a statická analýza  |2 slo 
650 4 |a softvérový repozitár  |2 slo 
650 4 |a PyPI  |2 slo 
650 4 |a software repository  |2 eng 
650 4 |a package  |2 eng 
650 4 |a malicious code  |2 eng 
650 4 |a open-source  |2 eng 
650 4 |a Python  |2 eng 
650 4 |a static analysis  |2 eng 
650 4 |a dynamic analysis  |2 eng 
650 4 |a PyPI  |2 eng 
700 1 |a Kubečka, Martin  |4 ths  |X 92065  |7 92065 
856 4 |u https://opac.crzp.sk/?fn=detailBiblioFormChildUAMILC&sid=BA75C2D62745AD5724EC919ED92F&seo=CRZP-detail-kniha